000 nam a22 7a 4500
999 _c219441
_d219441
003 Nust
005 20170208145327.0
008 170208b xxu||||| |||| 00| 0 eng d
040 _c0
050 _a628 RAS
082 _a628 RAS
100 _aRasheed,Sajida
245 _aOptimization Of Chlorine Dosage In Drinking Water At Different pH and Temperature
_cSajida Rasheed
260 _aIslamabad
_bIESE (SCEE) NUST
_c2009.
300 _a93 p.
_bHB.
440 _aMS Environmental Engineering
500 _aThesis MS EE
650 _aEnvironmental Engineering
700 _4Dr. Imran Hashmi (Supervisor)
942 _2ddc
_cTHE
_kIESE